000 00299nam a22001337a 4500
008 171101b xxu||||| |||| 00| 0 eng d
020 _a9780393974195
041 _aeng
080 _a339
100 _a59
101 _aTRE
245 _aSTATE POWER AND WORLD MARKETS
_cGRIECO,J.M
942 _2udc
_cBK
999 _c37039
_d37039